Mary Poppins (Record no. 157405)

MARC details
000 -LÍDER
campo de controle de tamanho fixo 00372 a2200169 4500
001 - NÚMERO DE CONTROLE
campo de controle 157405
020 ## - ISBN - INTERNATIONAL STANDARD BOOK NUMBER
ISBN - International Standard Book Number 978-85-378-1799-5
040 ## - FONTE DA CATALOGAÇÃO
Instituição que transcreveu o registro Escola São Tomás de Aquino
100 ## - ENTRADA PRINCIPAL--NOME PESSOAL
Nome pessoal TRAVERS, Pamela Lyndon
240 10 - TÍTULO UNIFORME
Título uniforme Mary Poppins
Idioma da obra
245 10 - TÍTULO
Título Mary Poppins
300 ## - DESCRIÇÃO FÍSICA
Extensão 194
362 0# - DATAS DE PUBLICAÇÃO E/OU DESIGNAÇÃO SEQUENCIAL
Datas de publicação e/ou designação sequencial 2018
440 #1 - DECLARAÇÃO DE SÉRIE/ENTRADA ADICIONADA--TÍTULO
Título Zahar
697 ## - ENTRADA DE ASSUNTO LOCAL--ENTIDADE COLETIVA (RLIN)
Nome corporativo ou nome da jurisdição *LITERATURA JUVENIL
942 ## - ELEMENTOS DE ENTRADA ADICIONADOS (KOHA)
Tipo de material Koha Livros
Holdings
Situação do descarte Situação das perdas Situação física Não pode ser emprestado Biblioteca de origem Biblioteca atual Data de aquisição Total de empréstimos Número de chamada completo Código de barras Data de último acesso Data do preço efetivo Tipo de material Koha
        ESTA - SÃO BENTO ESTA - SÃO BENTO 30/04/2024   028.54 TRA MAR EST00012328 30/04/2024 30/04/2024 Livros
        ESTA - SÃO BENTO ESTA - SÃO BENTO 30/04/2024   028.54 TRA MAR EST00012452 30/04/2024 30/04/2024 Livros
        ESTA - SÃO BENTO ESTA - SÃO BENTO 30/04/2024   028.54 TRA MAR EST00012688 30/04/2024 30/04/2024 Livros
        ESTA - SÃO BENTO ESTA - SÃO BENTO 30/04/2024   028.54 TRA MAR EST00012691 30/04/2024 30/04/2024 Livros
        ESTA - SÃO BENTO ESTA - SÃO BENTO 30/04/2024   028.54 TRA MAR EST00012695 30/04/2024 30/04/2024 Livros